[Event "Vellmar op 9th"]
[Site "Vellmar"]
[Date "2017.07.15"]
[Round "5"]
[White "Reitz, Theresa"]
[Black "Schuette, Ulrich"]
[Result "0-1"]
[WhiteElo "1706"]
[BlackElo "1830"]
[PlyCount "42"]
[EventDate "2017.07.13"]
[EventType "swiss"]
[EventRounds "7"]
[EventCountry "GER"]
[SourceTitle "CBM 179 Extra"]
[Source "ChessBase"]
[SourceDate "2017.08.23"]
[SourceVersion "1"]
[SourceVersionDate "2017.08.23"]
[SourceQuality "1"]

1. e4 c5 2. Nc3 Nc6 3. Bb5 Nd4 4. Bc4 e6 5. Nge2 Ne7 6. 0-0 a6 7. d3 b5 8. Bb3 Bb7 9. Be3 Nec6 10. f4 g6 11. Ng3 Be7 12. f5 Bh4 13. fxg6 hxg6 14. Qg4 Qe7 15. Nce2 Nxe2+ 16. Nxe2 0-0-0 17. a4 f5 18. Qf3 Ne5 19. Qf4 Ng4 20. h3 g5 21. Qf3 Ne5 0-1

[Event "Vellmar op 9th"]
[Site "Vellmar"]
[Date "2017.07.14"]
[Round "2"]
[White "Lutz, Ruben"]
[Black "Schuette, Ulrich"]
[Result "1-0"]
[WhiteElo "1959"]
[BlackElo "1830"]
[PlyCount "79"]
[EventDate "2017.07.13"]
[EventType "swiss"]
[EventRounds "7"]
[EventCountry "GER"]
[SourceTitle "CBM 179 Extra"]
[Source "ChessBase"]
[SourceDate "2017.08.23"]
[SourceVersion "1"]
[SourceVersionDate "2017.08.23"]
[SourceQuality "1"]

1. d4 d5 2. c4 e6 3. cxd5 exd5 4. Nc3 c6 5. Nf3 Nf6 6. Bg5 Be7 7. e3 0-0 8. Qc2 Re8 9. Bd3 h6 10. Bh4 Ne4 11. Bxe7 Qxe7 12. 0-0 Nd7 13. Rab1 Ndf6 14. Ne5 Nd6 15. b4 Bd7 16. Na4 b5 17. Nc5 Rec8 18. Rbc1 Nc4 19. Nexd7 Nxd7 20. Nxd7 Qxd7 21. Bf5 Qe7 22. Bxc8 Rxc8 23. Qc3 Ra8 24. a3 a5 25. Ra1 a4 26. Rfe1 f5 27. Qd3 Qf6 28. Ra2 Re8 29. Rae2 Rd8 30. f3 Rd7 31. Rf1 Re7 32. e4 f4 33. e5 Qg5 34. Kh1 Re6 35. Rg1 Kf7 36. g3 Rg6 37. h4 Qh5 38. g4 Qxh4+ 39. Rh2 Qe7 40. Qf5+ 1-0

[Event "Harburg-chE 9th"]
[Site "Hamburg"]
[Date "2011.08.21"]
[Round "5"]
[White "Schuette, Ulrich"]
[Black "Fruechel, Marcel"]
[Result "0-1"]
[WhiteElo "1817"]
[BlackElo "1892"]
[PlyCount "66"]
[EventDate "2011.08.19"]
[EventType "tourn"]
[EventRounds "5"]
[EventCountry "GER"]
[SourceTitle "EXT 2012"]
[Source "ChessBase"]
[SourceDate "2011.11.24"]
[SourceVersion "1"]
[SourceVersionDate "2011.11.24"]
[SourceQuality "1"]

1. e4 e6 2. d4 d5 3. Nc3 Nf6 4. e5 Ng8 5. f4 c5 6. Nce2 Nc6 7. c3 Qb6 8. a3 c4 9. Nf3 Bd7 10. h4 Na5 11. Rh3 Nb3 12. Rb1 Ne7 13. g4 h5 14. gxh5 Rxh5 15. Ng3 Rh8 16. Nd2 Ba4 17. Nxb3 Bxb3 18. Qf3 Bc2 19. Ra1 Nf5 20. Qf2 Nxg3 21. Qxc2 Nxf1 22. Kxf1 Rh5 23. Be3 Be7 24. Qa4+ Kd8 25. Qc2 Kc7 26. Rb1 Rah8 27. b3 cxb3 28. Rxb3 Qa6+ 29. Kg1 Rxh4 30. Rxh4 Rxh4 31. c4 dxc4 32. Rc3 Qc6 33. Kf1 Qf3+ 0-1

[Event "Harburg-chE 9th"]
[Site "Hamburg"]
[Date "2011.08.20"]
[Round "2"]
[White "Schuette, Ulrich"]
[Black "Evers, Annika"]
[Result "0-1"]
[WhiteElo "1817"]
[BlackElo "1689"]
[PlyCount "82"]
[EventDate "2011.08.19"]
[EventType "tourn"]
[EventRounds "5"]
[EventCountry "GER"]
[SourceTitle "EXT 2012"]
[Source "ChessBase"]
[SourceDate "2011.11.24"]
[SourceVersion "1"]
[SourceVersionDate "2011.11.24"]
[SourceQuality "1"]

1. e4 c5 2. Nc3 Nc6 3. f4 g6 4. Nf3 Bg7 5. Bb5 e6 6. Bxc6 bxc6 7. d3 d5 8. 0-0 Ne7 9. Bd2 0-0 10. b3 Ba6 11. Rb1 Nc8 12. Na4 dxe4 13. Nxc5 exf3 14. Nxa6 Qb6+ 15. Kh1 Qxa6 16. Qxf3 Nb6 17. a4 Nd5 18. c4 Ne7 19. Bb4 Rfe8 20. Rfd1 Nf5 21. g4 Nd4 22. Qf2 Qb7 23. Bc5 Red8 24. b4 Bf8 25. Bxd4 c5+ 26. Kg1 cxd4 27. b5 Qc7 28. Rbc1 Bd6 29. Rf1 f5 30. g5 Bc5 31. Rce1 Re8 32. Re2 Re7 33. Qh4 Rae8 34. Rf3 e5 35. fxe5 Rxe5 36. Ref2 Re3 37. Kg2 Qb7 38. Qf4 Rxd3 39. Kf1 Rd1+ 40. Kg2 Re3 41. Kh3 Rdd3 0-1

[Event "Harburg-chE 8th"]
[Site "Hamburg"]
[Date "2010.08.21"]
[Round "3"]
[White "Schuette, Ulrich"]
[Black "Krause, Benedict"]
[Result "1-0"]
[WhiteElo "1854"]
[BlackElo "1637"]
[PlyCount "81"]
[EventDate "2010.08.20"]
[EventType "tourn"]
[EventRounds "5"]
[EventCountry "GER"]
[SourceTitle "EXT 2012"]
[Source "ChessBase"]
[SourceDate "2011.11.24"]
[SourceVersion "1"]
[SourceVersionDate "2011.11.24"]
[SourceQuality "1"]

1. d4 d5 2. c4 Nf6 3. cxd5 Nxd5 4. e4 Nb6 5. Be3 g6 6. Nc3 Bg7 7. Be2 0-0 8. h3 N8d7 9. Nf3 Nf6 10. 0-0 c6 11. Qc2 Bd7 12. Rfd1 Rc8 13. Rac1 Qc7 14. Qd2 Be6 15. b3 Rfd8 16. Bf4 Qd7 17. Ne5 Qe8 18. Qe3 Nfd7 19. Nc4 Bxc4 20. bxc4 e5 21. dxe5 Nxe5 22. c5 Nbc4 23. Qg3 Rxd1+ 24. Bxd1 Rd8 25. Bb3 Nb2 26. Bg5 Rd3 27. Qh4 Rd7 28. f4 Ned3 29. Rc2 Nxc5 30. e5 Nxb3 31. axb3 Nd1 32. Ne4 Ne3 33. Ra2 Nf5 34. Qf2 b6 35. g4 Nd4 36. Nd6 Rxd6 37. exd6 Nxb3 38. Qe2 Qc8 39. Qe7 Nc5 40. Rxa7 Nd7 41. Qxd7 1-0

[Event "Blankenburg op-A 15th"]
[Site "Blankenburg"]
[Date "2007.10.03"]
[Round "7"]
[White "Schuette, Ulrich"]
[Black "Kasper, Mike"]
[Result "0-1"]
[WhiteElo "1965"]
[BlackElo "1946"]
[PlyCount "76"]
[EventDate "2007.09.29"]
[EventType "swiss"]
[EventRounds "7"]
[EventCountry "GER"]
[SourceTitle "EXT 2009"]
[Source "ChessBase"]
[SourceDate "2008.11.26"]
[SourceVersion "1"]
[SourceVersionDate "2008.11.26"]
[SourceQuality "1"]

1. c4 e6 2. g3 d5 3. cxd5 exd5 4. Bg2 Nf6 5. d4 Bf5 6. Nf3 Be7 7. 0-0 c6 8. Bg5 0-0 9. Nc3 Nbd7 10. Rc1 h6 11. Bxf6 Nxf6 12. e3 Ne4 13. Nd2 Nxd2 14. Qxd2 Bd6 15. a3 a5 16. Na4 Re8 17. Rc3 b5 18. Nc5 Ra7 19. Rfc1 Qb8 20. Nd3 Bd7 21. f3 b4 22. axb4 axb4 23. Rb3 Rc8 24. e4 dxe4 25. fxe4 Be6 26. d5 cxd5 27. exd5 Rxc1+ 28. Qxc1 Bf5 29. Ne1 Rc7 30. Qd2 Qa7+ 31. Kh1 Qa1 32. Re3 Rc2 33. Re8+ Kh7 34. Qe3 Rc1 35. Bf3 f6 36. Kg2 Qxb2+ 37. Qf2 Qxf2+ 38. Kxf2 b3 0-1

[Event "Blankenburg op-A 15th"]
[Site "Blankenburg"]
[Date "2007.10.01"]
[Round "4"]
[White "Boettcher, Dietmar"]
[Black "Schuette, Ulrich"]
[Result "0-1"]
[WhiteElo "1838"]
[BlackElo "1965"]
[PlyCount "52"]
[EventDate "2007.09.29"]
[EventType "swiss"]
[EventRounds "7"]
[EventCountry "GER"]
[SourceTitle "EXT 2009"]
[Source "ChessBase"]
[SourceDate "2008.11.26"]
[SourceVersion "1"]
[SourceVersionDate "2008.11.26"]
[SourceQuality "1"]

1. d4 Nf6 2. e3 e6 3. Nf3 d5 4. Bd3 c6 5. 0-0 Be7 6. c3 0-0 7. Nbd2 Nbd7 8. e4 dxe4 9. Nxe4 Nxe4 10. Bxe4 Nf6 11. Bc2 Re8 12. Qd3 Bf8 13. Bg5 g6 14. Ne5 Bg7 15. Ng4 e5 16. Nxe5 Bf5 17. Qd1 Bxc2 18. Qxc2 h6 19. Bxf6 Bxf6 20. Nf3 Qd5 21. b3 c5 22. Rad1 cxd4 23. Nxd4 Rac8 24. c4 Qh5 25. Nf3 b5 26. Rd5 Qxd5 0-1

[Event "Blankenburg op-A 15th"]
[Site "Blankenburg"]
[Date "2007.09.30"]
[Round "2"]
[White "Frotscher, Thomas"]
[Black "Schuette, Ulrich"]
[Result "1-0"]
[WhiteElo "2174"]
[BlackElo "1965"]
[PlyCount "67"]
[EventDate "2007.09.29"]
[EventType "swiss"]
[EventRounds "7"]
[EventCountry "GER"]
[SourceTitle "EXT 2009"]
[Source "ChessBase"]
[SourceDate "2008.11.26"]
[SourceVersion "1"]
[SourceVersionDate "2008.11.26"]
[SourceQuality "1"]

1. c4 Nf6 2. Nc3 e6 3. e3 d5 4. Nf3 c6 5. b3 Nbd7 6. Bb2 Be7 7. Be2 0-0 8. 0-0 Re8 9. d4 b6 10. Rc1 Bb7 11. cxd5 exd5 12. Qc2 Bf8 13. Rfd1 Qe7 14. Nb1 Ne4 15. Ba3 Qf6 16. Bxf8 Kxf8 17. Nbd2 g6 18. Nxe4 Rxe4 19. Qb2 Kg7 20. Nd2 Re7 21. Bf3 c5 22. Nb1 Nf8 23. Nc3 Rd7 24. dxc5 bxc5 25. Qa3 d4 26. Bxb7 Rxb7 27. Ne4 Qe7 28. Nxc5 dxe3 29. Qb2+ Kg8 30. Nxb7 exf2+ 31. Qxf2 Qxb7 32. Rd3 Ne6 33. Rcd1 Qe7 34. Rd7 1-0

[Event "Ueckermuende op 6th"]
[Site "Ueckermuende"]
[Date "2007.09.02"]
[Round "4"]
[White "Radloff, Arno"]
[Black "Schuette, Ulrich"]
[Result "0-1"]
[WhiteElo "1742"]
[BlackElo "1813"]
[PlyCount "120"]
[EventDate "2007.08.31"]
[EventType "swiss"]
[EventRounds "5"]
[EventCountry "GER"]
[SourceTitle "CBM 120 Extra"]
[Source "ChessBase"]
[SourceDate "2007.11.01"]
[SourceVersion "1"]
[SourceVersionDate "2007.11.01"]
[SourceQuality "1"]

1. d4 Nf6 2. c4 e6 3. Nf3 b6 4. g3 Bb7 5. Bg2 Be7 6. Nc3 0-0 7. 0-0 d6 8. Qc2 Nbd7 9. Bg5 h6 10. Bf4 Nh5 11. Be3 f5 12. Rad1 c6 13. Qc1 Qc7 14. Bxh6 gxh6 15. Qxh6 Ng7 16. Ng5 Bxg5 17. Qxg5 Qd8 18. Qf4 Qe7 19. d5 e5 20. Qd2 c5 21. e4 f4 22. f3 Rf6 23. Bh3 Nf8 24. Qg2 Ba6 25. b3 fxg3 26. hxg3 Rg6 27. Bg4 Nh7 28. Kf2 Qg5 29. Ke2 Nf6 30. Be6+ Nxe6 31. dxe6 Nh5 32. Kf2 Rxe6 33. Nd5 Rc8 34. Rh1 Rg6 35. Ne7+ Qxe7 36. Rxh5 Rf8 37. Rdh1 Rg7 38. Qh2 Qf6 39. Rh8+ Kf7 40. Qh5+ Ke7 41. Rh6 Qg5 42. Qxg5+ Rxg5 43. Rh7+ Rf7 44. R1h6 Rfg7 45. g4 b5 46. Kg3 bxc4 47. bxc4 Bxc4 48. a3 Bg8 49. Rh8 Kd7 50. Rf6 R5g6 51. Rf8 Kc6 52. Rb8 c4 53. Rh1 Be6 54. Rhb1 Bxg4 55. fxg4 Rxg4+ 56. Kf3 Rf4+ 57. Ke3 Rg3+ 58. Kd2 Rxe4 59. a4 c3+ 60. Kc2 Re2+ 0-1

[Event "Ueckermuende op 6th"]
[Site "Ueckermuende"]
[Date "2007.09.01"]
[Round "3"]
[White "Schuette, Ulrich"]
[Black "Augstein, Joerg"]
[Result "0-1"]
[WhiteElo "1813"]
[BlackElo "1829"]
[PlyCount "122"]
[EventDate "2007.08.31"]
[EventType "swiss"]
[EventRounds "5"]
[EventCountry "GER"]
[SourceTitle "CBM 120 Extra"]
[Source "ChessBase"]
[SourceDate "2007.11.01"]
[SourceVersion "1"]
[SourceVersionDate "2007.11.01"]
[SourceQuality "1"]

1. c4 e5 2. g3 f5 3. Bg2 Nf6 4. Nc3 Bc5 5. e3 Nc6 6. a3 0-0 7. d3 a5 8. Nge2 Ng4 9. d4 Ba7 10. 0-0 e4 11. b4 axb4 12. axb4 Nxb4 13. Nb5 Na6 14. Qb3 Kh8 15. Bb2 d6 16. h3 Nf6 17. Ba3 Bb8 18. Rfd1 c6 19. Nbc3 Nc7 20. Rab1 Re8 21. d5 c5 22. Bb2 Ra7 23. Na4 b5 24. Bxf6 Qxf6 25. cxb5 Bd7 26. Nac3 Rb7 27. Qc4 Ba7 28. Rd2 Reb8 29. Rdb2 Bb6 30. Na4 Qf7 31. Nec3 Ba5 32. b6 Ne8 33. Nb5 Bxb5 34. Rxb5 Bb4 35. R1xb4 cxb4 36. Rxb4 Qf6 37. Bf1 Qd8 38. Qd4 Nf6 39. Ba6 Re7 40. Bb5 Re5 41. Bc6 g5 42. Nb2 f4 43. g4 fxe3 44. fxe3 Kg7 45. Nc4 Re7 46. Ra4 Kg6 47. Ra7 Rf7 48. b7 Qc7 49. Na3 Rff8 50. Nb5 Qe7 51. Kg2 Kh6 52. Qb4 Qe5 53. Nc7 Nxg4 54. hxg4 Qf6 55. Qe1 Qf3+ 56. Kh2 Qxg4 57. Ra2 Rf3 58. Rg2 Qh5+ 59. Kg1 Rh3 60. Qg3 Rh1+ 61. Kf2 Rf8+ 0-1